<?xml version="1.0" encoding="UTF-8"?>
<record
    xmlns:xsi="http://www.w3.org/2001/XMLSchema-instance"
    xsi:schemaLocation="http://www.loc.gov/MARC21/slim http://www.loc.gov/standards/marcxml/schema/MARC21slim.xsd"
    xmlns="http://www.loc.gov/MARC21/slim">

  <leader>02239nam a2200337 u 4500</leader>
  <controlfield tag="001">566588</controlfield>
  <controlfield tag="005">20260506084156.0</controlfield>
  <controlfield tag="008">991123s1997                        eng  </controlfield>
  <datafield tag="020" ind1=" " ind2=" ">
    <subfield code="a">3540625704</subfield>
  </datafield>
  <datafield tag="035" ind1=" " ind2=" ">
    <subfield code="a">566588</subfield>
  </datafield>
  <datafield tag="035" ind1=" " ind2=" ">
    <subfield code="a">(OCoLC)636994517</subfield>
  </datafield>
  <datafield tag="040" ind1=" " ind2=" ">
    <subfield code="c">comduadb</subfield>
  </datafield>
  <datafield tag="041" ind1=" " ind2=" ">
    <subfield code="a">eng</subfield>
  </datafield>
  <datafield tag="082" ind1=" " ind2="4">
    <subfield code="a">539</subfield>
  </datafield>
  <datafield tag="100" ind1="1" ind2="0">
    <subfield code="a">Dobado, Antonio</subfield>
    <subfield code="4">aut</subfield>
    <subfield code="e">aut</subfield>
    <subfield code="9">299043</subfield>
  </datafield>
  <datafield tag="245" ind1="1" ind2="0">
    <subfield code="a">Effective lagrangians for the standard model</subfield>
  </datafield>
  <datafield tag="260" ind1=" " ind2=" ">
    <subfield code="a">Berlin :</subfield>
    <subfield code="b">Springer-Verlag,</subfield>
    <subfield code="c">1997.</subfield>
  </datafield>
  <datafield tag="300" ind1=" " ind2=" ">
    <subfield code="a">xii, 315 p&#xE1;ginas :</subfield>
    <subfield code="b">ilustraciones.</subfield>
  </datafield>
  <datafield tag="490" ind1="0" ind2=" ">
    <subfield code="a">Texts and Monographs in Physics</subfield>
  </datafield>
  <datafield tag="505" ind1=" " ind2=" ">
    <subfield code="a">CONTENIDO : 1: La noci&#xF3;n de lagrangiano eficaz. -- 2: Simetr&#xED;as globales en la teor&#xED;a cu&#xE1;ntica de campos. -- 3: &#xBF;Lo no lineal? Modelo. -- 4: Anomal&#xED;as. -- 5: Las simetr&#xED;as del modelo est&#xE1;ndar. -- 6: El lagrangiano eficaz para QCD. -- 7: El sector de ruptura de simetr&#xED;a del modelo est&#xE1;ndar. -- 8: Gravedad y el modelo est&#xE1;ndar. -- A: F&#xF3;rmulas y notaci&#xF3;n &#xFA;tiles. -- B: Notas sobre geometr&#xED;a diferencial . -- C: Aspectos de la teor&#xED;a cu&#xE1;ntica de campos. -- D: Unitaridad y ondas parciales. .</subfield>
  </datafield>
  <datafield tag="520" ind1="3" ind2=" ">
    <subfield code="a">RESUMEN : "Este libro presenta una exposici&#xF3;n detallada y pedag&#xF3;gica de las t&#xE9;cnicas lagrangianas efectivas y sus aplicaciones a la f&#xED;sica de altas energ&#xED;as. Cubre las principales ideas te&#xF3;ricas y describe de manera exhaustiva c&#xF3;mo utilizarlas en diferentes campos, como la teor&#xED;a de la perturbaci&#xF3;n quiral y el sector de ruptura de simetr&#xED;a del modelo est&#xE1;ndar e incluso la gravedad cu&#xE1;ntica de baja energ&#xED;a. El libro est&#xE1; escrito en el lenguaje de la teor&#xED;a cu&#xE1;ntica de campos moderna. Algunos de los temas te&#xF3;ricos tratados son: desacoplamiento, el teorema de Goldstone, el modelo sigma no lineal, anomal&#xED;as, el t&#xE9;rmino de Wess-Zumino-Witten y el teorema de equivalencia."</subfield>
  </datafield>
  <datafield tag="650" ind1=" " ind2=" ">
    <subfield code="a">Teor&#xED;a del campo cu&#xE1;ntico</subfield>
    <subfield code="9">15146</subfield>
  </datafield>
  <datafield tag="650" ind1=" " ind2=" ">
    <subfield code="a">Part&#xED;culas elementales (F&#xED;sica)</subfield>
    <subfield code="9">6687</subfield>
  </datafield>
  <datafield tag="650" ind1=" " ind2=" ">
    <subfield code="a">Simetr&#xED;a interrumpida (F&#xED;sica)</subfield>
    <subfield code="9">175132</subfield>
  </datafield>
  <datafield tag="650" ind1=" " ind2=" ">
    <subfield code="a">Gravitaci&#xF3;n cuantica</subfield>
    <subfield code="9">56911</subfield>
  </datafield>
  <datafield tag="650" ind1=" " ind2=" ">
    <subfield code="a">Modelo est&#xE1;ndar (F&#xED;sica nuclear)</subfield>
    <subfield code="9">56912</subfield>
  </datafield>
  <datafield tag="700" ind1="1" ind2="0">
    <subfield code="a">Gomez Nicola, A.</subfield>
    <subfield code="4">aut</subfield>
    <subfield code="e">aut</subfield>
    <subfield code="9">496092</subfield>
  </datafield>
  <datafield tag="700" ind1="1" ind2="0">
    <subfield code="a">Maroto, A. L.</subfield>
    <subfield code="4">aut</subfield>
    <subfield code="e">aut</subfield>
    <subfield code="9">299044</subfield>
  </datafield>
  <datafield tag="700" ind1="1" ind2="0">
    <subfield code="a">Pelaez, J.R.</subfield>
    <subfield code="4">aut</subfield>
    <subfield code="e">aut</subfield>
    <subfield code="9">496093</subfield>
  </datafield>
  <datafield tag="942" ind1=" " ind2=" ">
    <subfield code="c">BOOK</subfield>
  </datafield>
  <datafield tag="999" ind1=" " ind2=" ">
    <subfield code="c">137030</subfield>
    <subfield code="d">137030</subfield>
  </datafield>
  <datafield tag="952" ind1=" " ind2=" ">
    <subfield code="0">0</subfield>
    <subfield code="1">0</subfield>
    <subfield code="4">0</subfield>
    <subfield code="7">0</subfield>
    <subfield code="8">SEMIACTIVA</subfield>
    <subfield code="a">BC</subfield>
    <subfield code="b">BC</subfield>
    <subfield code="d">1999-11-23</subfield>
    <subfield code="e">Otros proveedores</subfield>
    <subfield code="g">89.00</subfield>
    <subfield code="i">C616780</subfield>
    <subfield code="l">0</subfield>
    <subfield code="o">539.72 E27e</subfield>
    <subfield code="p">6-10000003184806</subfield>
    <subfield code="r">2023-04-22 00:00:00</subfield>
    <subfield code="t">1</subfield>
    <subfield code="w">2023-04-22</subfield>
    <subfield code="y">BOOK</subfield>
  </datafield>
  <datafield tag="952" ind1=" " ind2=" ">
    <subfield code="0">0</subfield>
    <subfield code="1">0</subfield>
    <subfield code="4">0</subfield>
    <subfield code="7">0</subfield>
    <subfield code="8">GEN</subfield>
    <subfield code="a">BC</subfield>
    <subfield code="b">BC</subfield>
    <subfield code="d">2021-01-27</subfield>
    <subfield code="e">Otros proveedores</subfield>
    <subfield code="g">57000.00</subfield>
    <subfield code="i">C13310435</subfield>
    <subfield code="l">0</subfield>
    <subfield code="o">539.72 E27e e2</subfield>
    <subfield code="p">01069961</subfield>
    <subfield code="r">2025-09-15 19:59:28</subfield>
    <subfield code="t">2</subfield>
    <subfield code="w">2023-04-22</subfield>
    <subfield code="y">BOOK</subfield>
  </datafield>
</record>
